Tre (Lp 812 785) (Record n. 101479)

Dettagli MARC
000 -LEADER
fixed length control field 01251njm a2200325Ia 4500
001 - CONTROL NUMBER
control field 20935
003 - CONTROL NUMBER IDENTIFIER
control field IT-RoPAU
005 - DATE AND TIME OF LATEST TRANSACTION
control field 20220918181144.0
008 - FIXED-LENGTH DATA ELEMENTS--GENERAL INFORMATION
fixed length control field 131025s9999 xx 000 0 und d
040 ## - CATALOGING SOURCE
Original cataloging agency IT-RoPAU
040 ## - CATALOGING SOURCE
Transcribing agency IT-RoPAU
041 ## - LANGUAGE CODE
Language code of text/sound track or separate title ITALIANO
999 ## - SYSTEM CONTROL NUMBERS (KOHA)
Koha Dewey Subclass [OBSOLETE] n.d.
100 ## - MAIN ENTRY--PERSONAL NAME
Personal name De Sio Teresa
9 (RLIN) 1907
100 ## - MAIN ENTRY--PERSONAL NAME
Relator term Autore musica
9 (RLIN) 4272
100 ## - MAIN ENTRY--PERSONAL NAME
Miscellaneous information Codice autore musica SPICS: 7265
9 (RLIN) 1909
245 ## - TITLE STATEMENT
Title Tre (Lp 812 785)
250 ## - EDITION STATEMENT
Edition statement 1a ed.
260 ## - PUBLICATION, DISTRIBUTION, ETC. (IMPRINT)
Place of publication, distribution, etc. ITALIA
260 ## - PUBLICATION, DISTRIBUTION, ETC. (IMPRINT)
Name of publisher, distributor, etc. POLYGRAM
Date of publication, distribution, etc. 1983 [1a Ed.:1983 - Ed. Lingua Orig.: 1983]
300 ## - PHYSICAL DESCRIPTION
Extent DISCO
300 ## - PHYSICAL DESCRIPTION
Dimensions 37 minuti (Testo: pag.)
500 ## - GENERAL NOTE
General note Canzone napoletana. Mare, acqua, sole, cantare, allegria, malinconia,
505 ## - FORMATTED CONTENTS NOTE
Formatted contents note Oggi o dimane - Oilloco - Suonno - Nannè - Ariò - E pazzielle (6:00) - Dindimbò (6:00) - Int'o gianrdino (4:00) - Terra 'e nisciuno (5:00)
650 ## - SUBJECT ADDED ENTRY--TOPICAL TERM
Topical term or geographic name as entry element CANZONE ITALIAN [DISCHI]
Relator term Codice MATERIA SPICS: 9950
9 (RLIN) 4273
700 ## - ADDED ENTRY--PERSONAL NAME
Personal name De Rienzo Gigi
Relator term Autore testo e musica
Miscellaneous information Codice autore testo/musica SPICS: 23255
9 (RLIN) 4274
700 ## - ADDED ENTRY--PERSONAL NAME
Personal name De Sio Teresa
Miscellaneous information Codice interprete SPICS: 7265
Relator term Interprete
9 (RLIN) 4275
700 ## - ADDED ENTRY--PERSONAL NAME
Personal name Bruno Francesco
Miscellaneous information Codice autore testo/musica SPICS: 23254
Relator term Autore testo/musica SPICS: 23254
9 (RLIN) 4276
942 ## - ADDED ENTRY ELEMENTS (KOHA)
Koha item type DISCHI
Source of classification or shelving scheme Dewey Decimal Classification
Dati di copia
Withdrawn status Lost status Damaged status Not for loan Home library Current library Date acquired Total Checkouts Full call number Date last seen Price effective from Koha item type Public note
    Buone Condizioni Not For Loan SPICS-MEDIATECA SPICS-MEDIATECA 25/10/2013   20935 25/10/2013 25/10/2013 DISCHI Progr. Ins.: 4237 / N.Vol.: 1 / Copie: 1 - Copia rara: n.d. / date import: 01.01.2014 - By Epidotti, Trombetti, Vaglietti
CREDITS: SOCIETA' SAN PAOLO Via A.Severo, 58 - ROMA (RM) & PERIODICI SAN PAOLO SRL Via Giotto, 36 MILANO & CISF Via Giotto, 36 MILANO & EDIZIONI SAN PAOLO SRL,  Piazza Soncino, 5 CINISELLO BALSAMO (MI) -- ITALY